| 000 | 02240nam a2200205Ia 4500 | ||
|---|---|---|---|
| 999 |
_c36280 _d36280 |
||
| 003 | OSt | ||
| 005 | 20210327165024.0 | ||
| 008 | 160316s2014 xxu||||| |||| 00| 0 eng d | ||
| 040 | _c. | ||
| 082 |
_a340.092 _bCHA |
||
| 100 | _aChavan R C | ||
| 245 | _aCries in wilderness | ||
| 260 |
_aMumbai _bKiran Chavan _c2014 |
||
| 300 | _a304p | ||
| 365 | _b Rs. 300 | ||
| 505 | _a Contents 1 Using Information And Communication Technology In Governance-An Experiment In Maharashtra Judiciary; 2 E-courts Project : Citizen at the Center of Court Processes; 3 Video Conferencing In Courts ; 4 Beyond Kolhapur Bench ; 5 Legal order in the 21st century ; 6 Challenges before the Legal Profession ; 7 Litigants, Lawyers, and Judges: A journey from frustrating tangle to a harmonious triangle; 8 Spectator Judges and Dictator Judges ; 9 Making the Judicial Process More Effective ; 10 Managing Courts ; 11 Increase in Acquittal of the Persons Accused Causes and Remedies:Judicial point of view; 12 Role of Courts In Enhancing Access To Justice; 13 Administration of Criminal Justice : Issues and Challenges; 14 Fair trial Rights and the Criminal Justice System; 15 Judicial Officers and Judicial administration ; 16 Lok Adulates and ADR Mechanisms for Controlling Delay and Pendency ; 17 Legal Services to disaster victims ; 18 Human Resource and Court Management for Principal District Judges / 139 Cries In Wilderness ; 19 Professional Ethics and Conduct of Advocates ; 20 Decline of Bar ; 21 Right of Silence or a Gag; 22 Containing Corruption and Improving the Image Of the Judiciary ; 23 Doctrine of Precedent ; 24 Judicial Process : Social Legitimacy and Institutional Viability ; 25 In Quest Of Social Justice; 26 Law In Changing Society; 27 Police And Human Rights; 28 War against Terror and Human Rights ; 29 Human Rights and Constitution; 30 Human Rights And Tribal; 31 Corporate Governance and Relevance of the Right to Live with Dignity ; 32 Medical Jurisprudence and Medical Negligence ; 33, Having Crossed the Lakshman-Rekha; 34 Farewell Speech on 19th) Sep. 2013 at Full Court Meeting; Epilogue. | ||
| 650 | _a1. Legal Biographies - R C Chavan | ||
| 700 |
_a _a |
||
| 942 |
_2ddc _cBK |
||